00397nam a22001097a 4500020003300000035002300033037001300056245012800069260004600197300002400243700002000267 a8177080377cRs. 1480.00(hbk) aB-92548, B-092550 aDPLbENG aFood standards and safety in a globalised world :bThe impact of WTO and codex /cedited by Sri Ram khanna and Madhu Saxena aNew DelhibNew Century Publicationsc2003 axii, 505p.c22 cms. a Saxena, Madhu